[Event "DMP-III LIGA Senior PK 2020"]
[Site "Bystre"]
[Date "2020.07.12"]
[Round "8.25"]
[White "Kopczyk, Daniel"]
[Black "Zgoda, Damian"]
[Result "1-0"]
[WhiteElo "2137"]
[BlackElo "1672"]
[Annotator "TA"]
[PlyCount "121"]
[EventDate "2020.07.05"]
[EventType "team-tourn"]
[EventCountry "POL"]
[SourceTitle "playchess.com"]
[Source "ChessBase"]
[SourceQuality "1"]

{[%evp 13,121,32,46,34,45,47,41,12,17,21,20,34,36,18,50,20,15,16,53,39,46,44,69,-55,-44,-54,38,59,81,49,72,52,59,63,59,0,475,42,42,7,12,23,25,0,0,0,0,0,3,0,0,-16,0,0,0,-6,13,0,0,0,14,0,56,0,93,90,99,88,191,149,325,350,354,300,300,302,279,300,297,292,292,277,296,272,387,284,463,463,543,262,246,182,199,170,398,381,463,463,463,463,504,450,4886,4810,12651,720,720,634,877,813]} 1. e4 g6 2. d4 Bg7 3. Nc3 d6 4. Bc4 a6 5. a4 b6 6. Nf3 e6 7. O-O Ne7 8. Bg5 {B06: Modern Defence.} Nd7 9. Qd2 h6 10. Bh4 {White is slightly better.} Bb7 11. Rfe1 g5 12. Bg3 Ng6 {Hoping for ...g4.} 13. h3 Nf6 14. Rad1 Nh5 {[#]} 15. Bh2 $146 ({Predecessor:} 15. Qe3 Nxg3 16. fxg3 Qe7 17. Qd3 h5 18. Nd5 Qd8 19. Ne3 h4 20. g4 Nf4 21. Qf1 Bxe4 {0-1 (50) Schriemer,O (1979)-Lammens,T (2293) Gent 2018}) 15... Nhf4 16. Ne2 {[%cal Rh2f4]} Nxe2+ 17. Qxe2 h5 {White should prevent ...g4.} 18. d5 (18. Bg3 $1 $14) 18... e5 $1 $15 19. Nd2 Nf4 ({Black should try} 19... Bc8 $1 $15) 20. Bxf4 $14 gxf4 21. Qd3 h4 22. Qc3 Rg8 23. Be2 Bc8 24. Bg4 (24. Nf3 $14) 24... Bf6 $2 {[%mdl 8192]} (24... Bxg4 $11 {and Black stays safe.} 25. hxg4 Bf6) 25. f3 $2 (25. Qc6+ $18 Ke7 26. Qxa8) 25... Bd7 26. Bxd7+ Qxd7 27. Qc6 Ke7 28. Qxd7+ (28. Kf2 {is interesting.} Rad8 29. c4 a5 30. Qxd7+ Kxd7 31. Rg1) 28... Kxd7 29. Nf1 Bg5 30. Rd3 Rab8 31. Nd2 Rgc8 32. Rd1 Bf6 33. c3 Be7 34. Nc4 Bf6 35. Na3 Be7 36. Nc2 Rg8 37. Nb4 Ra8 {[#]} (37... f5 $11) 38. Nc6 ({White should play} 38. a5 $1 $14 {[%mdl 512]}) 38... Rg6 (38... a5 $11 {keeps the balance.}) 39. b4 Rgg8 40. c4 Rgc8 (40... b5 $16) 41. Ra1 Bf8 $2 {This costs Black the game.} (41... f5 $16 {might work better.}) 42. a5 $18 Be7 43. axb6 cxb6 44. Rda3 a5 45. bxa5 bxa5 46. Rxa5 Rxa5 47. Rxa5 {[%mdl 4096] Endgame Ra7+ is the strong threat. KRB-KRN} Bd8 48. Ra7+ Bc7 (48... Ke8 {keeps fighting.}) 49. Kf1 Rg8 $2 (49... f6 50. Kf2 Rf8) 50. c5 Re8 51. cxd6 (51. Na5 $142) 51... Kxd6 52. Ra6 Kc5 53. Ra2 Rg8 $2 (53... Bd6 {is a better defense.} 54. Ke2 Kb6 55. Rb2+ Ka6) 54. Rc2+ Kd6 {[#]} 55. Nxe5 $1 {[%mdl 576] Deflection. White is clearly winning.} Kxe5 56. Rxc7 {KR-KR} f5 57. Re7+ Kd4 (57... Kd6 $142 58. Re6+ Kc5) 58. d6 Rd8 59. exf5 (59. e5 $142 Ke3 60. Kg1) 59... Rxd6 60. Re4+ Kd3 61. Rxf4 {Accuracy: White = 63%, Black = 49%.} 1-0

[Event "DMP-III LIGA Senior PK 2020"]
[Site "Bystre"]
[Date "2020.07.12"]
[Round "8.25"]
[White "Kopczyk, Daniel"]
[Black "Zgoda, Damian"]
[Result "*"]
[WhiteElo "2137"]
[BlackElo "1672"]
[Annotator "TA"]
[PlyCount "31"]
[EventDate "2020.07.05"]
[EventType "team-tourn"]
[EventCountry "POL"]
[SourceTitle "playchess.com"]
[Source "ChessBase"]
[SourceQuality "1"]

{[%evp 13,14,40,67]} 1. e4 g6 2. d4 Bg7 3. Nc3 d6 4. Bc4 a6 5. a4 b6 6. Nf3 e6 7. O-O Ne7 {[#]} {Predecessor:} 8. Re1 $146 {B06: Modern Defence.} O-O 9. Bf4 h6 10. h4 Nd7 11. Qd2 Kh7 12. Rad1 Bb7 13. h5 g5 14. Bxg5 hxg5 15. Nxg5+ Kh8 16. Qf4 {1-0 (42) Abasov,N (2636)-Rasulov,V (2533) Nakhchivan 2019} *

[Event "DMP-III LIGA Senior PK 2020"]
[Site "Bystre"]
[Date "2020.07.12"]
[Round "8.26"]
[White "Smusz, Kamil"]
[Black "Mrozowski, Patryk"]
[Result "1/2-1/2"]
[WhiteElo "1922"]
[BlackElo "2065"]
[Annotator "TA"]
[PlyCount "36"]
[EventDate "2020.07.05"]
[EventType "team-tourn"]
[EventCountry "POL"]
[SourceTitle "playchess.com"]
[Source "ChessBase"]
[SourceQuality "1"]

{[%evp 9,21,7,-4,-5,52,66,50,48,47,41,56,32,39,35]} 1. d4 Nf6 2. Bf4 c5 3. e3 d5 4. c3 Nc6 5. Nd2 Bf5 6. Qb3 {D00: 1 d4 d5: Unusual lines.} Qb6 (6... Qc8 $11) 7. dxc5 $14 {White is slightly better.} Qxb3 8. axb3 {[%cal Ba2b3,Bb3b4][%mdl 32]} e5 9. Bg3 Bxc5 10. b4 {10.Ngf3 deserves study.} Bd6 11. Ngf3 {[#] Black did not feel at home in the position after the opening.} {Predecessor:} Nd7 $146 12. Be2 f6 13. O-O Nb6 14. Rfd1 Bc2 15. Rdc1 Bg6 16. Nh4 Bf7 17. e4 O-O 18. exd5 Nxd5 {½-½ (72) Bao,Q (2434)-Li,B (2326) Xingtai 2018} 1/2-1/2

[Event "DMP-III LIGA Senior PK 2020"]
[Site "Bystre"]
[Date "2020.07.12"]
[Round "8.27"]
[White "Futyma, Dawid"]
[Black "Kasperek, Rafal"]
[Result "0-1"]
[WhiteElo "1278"]
[BlackElo "1982"]
[Annotator "RC"]
[PlyCount "52"]
[EventDate "2020.07.05"]
[EventType "team-tourn"]
[EventCountry "POL"]
[SourceTitle "playchess.com"]
[Source "ChessBase"]
[SourceQuality "1"]
[TimeControl "5400+30"]

1. d4 {[%emt 0:00:00]} Nf6 {[%emt 0:00:00]} 2. c4 {[%emt 0:00:00]} e6 {[%emt 0:00:00]} 3. Nc3 {[%emt 0:00:10]} Bb4 {[%emt 0:00:01]} 4. Qc2 {[%emt 0:00:15]} c5 {[%emt 0:00:57]} 5. e3 {[%emt 0:00:45]} O-O {[%emt 0:01:20]} 6. Nf3 {[%emt 0:00:26]} d5 {[%emt 0:00:52]} 7. Bd2 {[%emt 0:01:03]} cxd4 {[%emt 0:00:53]} 8. exd4 {[%emt 0:00:48]} Nc6 {[%emt 0:00:11]} 9. cxd5 {[%emt 0:00:24]} Nxd5 {[%emt 0:03:29]} 10. Bd3 {[%emt 0:01:21]} Nf6 {[%emt 0:02:04]} 11. Ne2 {[%emt 0:02:33]} Bxd2+ {[%emt 0:00:48]} 12. Qxd2 {[%emt 0:00:24]} b6 {[%emt 0:02:31]} 13. O-O {[%emt 0:00:52]} Bb7 {[%emt 0:01:02]} 14. Nc3 {[%emt 0:00:39]} Nb4 {[%emt 0:08:14]} 15. Be2 {[%emt 0:00:55]} Nbd5 {[%emt 0:00:58]} 16. Nxd5 {[%emt 0:00:59]} Qxd5 {[%emt 0:01:45]} 17. Qg5 {[%emt 0:01:17]} Rac8 {[%emt 0:04:28]} 18. Qxd5 {[%emt 0:00:26]} Nxd5 {[%emt 0:02:07]} 19. Rac1 {[%emt 0:00:18]} Nf4 {[%emt 0:00:53]} 20. Bb5 {[%emt 0:01:24]} a6 {[%emt 0:00:58]} 21. Rxc8 {[%emt 0:01:14]} Rxc8 {[%emt 0:00:11]} 22. Ba4 {[%emt 0:00:23]} Bxf3 {[%emt 0:02:25]} 23. gxf3 {[%emt 0:00:37]} Rc4 {[%emt 0:00:09]} 24. Bb3 {[%emt 0:02:54]} Rxd4 {[%emt 0:00:23]} 25. Kh1 {[%emt 0:00:16]} Kf8 {[%emt 0:01:08]} 26. Rc1 {[%emt 0:00:29]} Rd2 {[%emt 0:00:49]} 0-1

[Event "DMP-III LIGA Senior PK 2020"]
[Site "Bystre"]
[Date "2020.07.12"]
[Round "8.28"]
[White "Mikula, Michal"]
[Black "Szaro, Mariusz"]
[Result "1-0"]
[WhiteElo "1858"]
[BlackElo "1559"]
[Annotator "NA RC"]
[PlyCount "43"]
[EventDate "2020.07.05"]
[EventType "team-tourn"]
[EventCountry "POL"]
[SourceTitle "playchess.com"]
[Source "ChessBase"]
[SourceQuality "1"]
[TimeControl "5400+30"]

1. e4 {[%emt 0:00:00]} e6 {[%emt 0:00:20]} 2. Nf3 {[%emt 0:01:16]} d5 {[%emt 0:00:10]} 3. e5 {[%emt 0:00:16]} c5 {[%emt 0:00:29]} 4. b4 {[%emt 0:00:08]} cxb4 {[%emt 0:00:48]} 5. a3 {[%emt 0:00:47]} Nc6 {[%emt 0:03:31]} 6. axb4 {[%emt 0:00:41]} Qc7 {[%emt 0:00:29]} 7. d4 {[%emt 0:03:37]} Bxb4+ {[%emt 0:21:45]} 8. c3 {[%emt 0:02:34]} Be7 {[%emt 0:02:06]} 9. Bd3 {[%emt 0:00:43]} Nh6 {[%emt 0:00:37]} 10. h4 {[%emt 0:14:43]} f6 {[%emt 0:12:27]} 11. exf6 {[%emt 0:20:34]} Bxf6 {[%emt 0:00:41]} 12. Na3 {[%emt 0:03:41]} O-O {[%emt 0:05:12]} 13. Ng5 {[%emt 0:05:58]} Nf5 {[%emt 0:01:24]} 14. Nb5 {[%emt 0:04:37]} Qd7 {[%emt 0:03:57]} 15. Ba3 {[%emt 0:04:24]} Re8 {[%emt 0:03:19]} 16. g4 {[%emt 0:04:27]} a6 {[%emt 0:02:42]} 17. Bc1 {[%emt 0:04:49]} axb5 {[%emt 0:05:12]} 18. Rxa8 {[%emt 0:00:25]} Nfxd4 {[%emt 0:00:01]} 19. Bxh7+ {[%emt 0:04:46]} Kh8 {[%emt 0:00:41]} 20. cxd4 {[%emt 0:00:36]} Nxd4 {[%emt 0:01:37]} 21. Qd3 {[%emt 0:01:49]} Qc6 {[%emt 0:07:54]} 22. Nf7# 1-0

[Event "DMP-III LIGA Senior PK 2020"]
[Site "Bystre"]
[Date "2020.07.12"]
[Round "8.29"]
[White "Dziura, Wiktor"]
[Black "Sygulski, Piotr"]
[Result "0-1"]
[WhiteElo "1353"]
[BlackElo "1652"]
[Annotator "NA RC"]
[PlyCount "52"]
[EventDate "2020.07.05"]
[EventType "team-tourn"]
[EventCountry "POL"]
[SourceTitle "playchess.com"]
[Source "ChessBase"]
[SourceQuality "1"]
[TimeControl "5400+30"]

1. g3 {[%emt 0:00:00]} d5 {[%emt 0:00:00]} 2. Bg2 {[%emt 0:00:00]} e5 {[%emt 0:00:00]} 3. c4 {[%emt 0:00:00]} c6 {[%emt 0:00:17]} 4. cxd5 {[%emt 0:00:00]} cxd5 {[%emt 0:00:02]} 5. d3 {[%emt 0:00:09]} Nf6 {[%emt 0:00:52]} 6. Nf3 {[%emt 0:00:13]} Nc6 {[%emt 0:00:07]} 7. O-O {[%emt 0:00:19]} Bd6 {[%emt 0:00:30]} 8. Nc3 {[%emt 0:01:40]} h6 {[%emt 0:00:39]} 9. Re1 {[%emt 0:02:05]} O-O {[%emt 0:01:00]} 10. Nd2 {[%emt 0:05:33]} Bc7 {[%emt 0:00:40]} 11. a3 {[%emt 0:06:28]} a6 {[%emt 0:02:13]} 12. e4 {[%emt 0:01:34]} d4 {[%emt 0:01:05]} 13. Nd5 {[%emt 0:04:32]} Be6 {[%emt 0:01:52]} 14. Nxc7 {[%emt 0:02:29]} Qxc7 {[%emt 0:00:12]} 15. Nb3 {[%emt 0:01:51]} Nd7 {[%emt 0:02:12]} 16. Rf1 {[%emt 0:01:51]} Rfc8 {[%emt 0:02:16]} 17. f4 {[%emt 0:04:50]} f6 {[%emt 0:00:28]} 18. fxe5 {[%emt 0:01:10]} Ndxe5 {[%emt 0:03:08]} 19. Nc5 {[%emt 0:02:49]} Bg4 {[%emt 0:01:01]} 20. Qb3+ {[%emt 0:08:27]} Kh7 {[%emt 0:00:24]} 21. Bd2 {[%emt 0:05:36]} b6 {[%emt 0:05:38]} 22. h3 {[%emt 0:02:11]} Nf3+ {[%emt 0:03:59]} 23. Bxf3 {[%emt 0:03:20]} Qxg3+ {[%emt 0:00:08]} 24. Bg2 {[%emt 0:01:02]} Bxh3 {[%emt 0:00:05]} 25. Rf2 {[%emt 0:00:46]} Ne5 {[%emt 0:00:19]} 26. Be1 {[%emt 0:05:57]} Ng4 0-1

[Event "DMP-III LIGA Senior PK 2020"]
[Site "Bystre"]
[Date "2020.07.12"]
[Round "8.30"]
[White "Zgoda, Aleksandra"]
[Black "Kruczek, Aleksandra"]
[Result "1-0"]
[WhiteElo "1203"]
[BlackElo "1038"]
[Annotator "NA RC"]
[PlyCount "79"]
[EventDate "2020.07.05"]
[EventType "team-tourn"]
[EventCountry "POL"]
[SourceTitle "playchess.com"]
[Source "ChessBase"]
[SourceQuality "1"]
[TimeControl "5400+30"]

1. e4 {[%emt 0:00:00]} e5 {[%emt 0:00:00]} 2. Nf3 {[%emt 0:00:00]} Nc6 {[%emt 0:00:00]} 3. Bb5 {[%emt 0:00:04]} a6 {[%emt 0:00:08]} 4. Ba4 {[%emt 0:00:18]} Nf6 {[%emt 0:01:02]} 5. O-O {[%emt 0:01:28]} b5 {[%emt 0:05:02]} 6. Bb3 {[%emt 0:02:27]} a5 {[%emt 0:06:54]} 7. c3 {[%emt 0:03:50]} Bb7 {[%emt 0:02:19]} 8. d4 {[%emt 0:03:04]} exd4 {[%emt 0:07:25]} 9. cxd4 {[%emt 0:03:25]} a4 {[%emt 0:06:55]} 10. Bc2 {[%emt 0:03:58]} Nb4 {[%emt 0:03:39]} 11. Re1 {[%emt 0:03:55]} Be7 {[%emt 0:03:34]} 12. Nc3 {[%emt 0:04:42]} c6 {[%emt 0:02:30]} 13. a3 {[%emt 0:03:08]} Nxc2 {[%emt 0:03:04]} 14. Qxc2 {[%emt 0:01:39]} Rc8 {[%emt 0:02:37]} 15. Qd3 {[%emt 0:05:32]} O-O {[%emt 0:02:57]} 16. Be3 {[%emt 0:06:33]} Ng4 {[%emt 0:17:28]} 17. Nd2 {[%emt 0:07:45]} Bd6 {[%emt 0:09:57]} 18. h3 {[%emt 0:03:57]} Nxe3 {[%emt 0:05:12]} 19. Rxe3 {[%emt 0:02:04]} Qh4 {[%emt 0:02:07]} 20. e5 {[%emt 0:04:59]} Be7 {[%emt 0:01:48]} 21. Rg3 {[%emt 0:02:46]} f6 {[%emt 0:04:16]} 22. Nf3 {[%emt 0:05:16]} Qh5 {[%emt 0:01:22]} 23. Ne4 {[%emt 0:02:00]} h6 {[%emt 0:02:38]} 24. Re1 {[%emt 0:04:31]} f5 {[%emt 0:01:55]} 25. Nc5 {[%emt 0:03:15]} Rc7 {[%emt 0:01:54]} 26. Nxb7 {[%emt 0:03:38]} Rxb7 {[%emt 0:00:05]} 27. d5 {[%emt 0:00:22]} f4 {[%emt 0:01:07]} 28. Rg4 {[%emt 0:00:42]} c5 {[%emt 0:00:29]} 29. d6 {[%emt 0:00:45]} Bxd6 {[%emt 0:00:53]} 30. Qd5+ {[%emt 0:01:21]} Kh8 {[%emt 0:00:22]} 31. Qxb7 {[%emt 0:00:33]} Be7 {[%emt 0:01:00]} 32. Qxd7 {[%emt 0:01:06]} Rf7 {[%emt 0:00:30]} 33. e6 {[%emt 0:01:24]} Rf8 {[%emt 0:00:58]} 34. Qxe7 {[%emt 0:00:21]} Rg8 {[%emt 0:00:34]} 35. Qf7 {[%emt 0:01:01]} Qxf7 {[%emt 0:00:44]} 36. exf7 {[%emt 0:00:08]} Rf8 {[%emt 0:00:05]} 37. Re8 {[%emt 0:00:24]} Rxe8 {[%emt 0:00:06]} 38. fxe8=Q+ {[%emt 0:00:10]} Kh7 {[%emt 0:00:11]} 39. Qf7 {[%emt 0:00:14]} c4 {[%emt 0:00:18]} 40. Qxg7# 1-0

[Event "DMP-III LIGA Senior PK 2020"]
[Site "Bystre"]
[Date "2020.07.12"]
[Round "9.1"]
[White "Zgoda, Damian"]
[Black "Stefanski, Robert"]
[Result "1/2-1/2"]
[WhiteElo "1672"]
[BlackElo "1649"]
[Annotator "NA"]
[PlyCount "42"]
[EventDate "2020.07.05"]
[EventType "team-tourn"]
[EventCountry "POL"]
[SourceTitle "playchess.com"]
[Source "ChessBase"]
[SourceQuality "1"]
[TimeControl "5400+30"]

1. d4 {[%emt 0:00:00]} d5 {[%emt 0:00:00]} 2. Nf3 {[%emt 0:00:00]} e6 {[%emt 0:00:00]} 3. c4 {[%emt 0:01:04]} Nf6 {[%emt 0:00:27]} 4. g3 {[%emt 0:01:21]} Be7 {[%emt 0:00:34]} 5. Bg2 {[%emt 0:00:45]} O-O {[%emt 0:00:14]} 6. O-O {[%emt 0:00:37]} c5 {[%emt 0:00:38]} 7. cxd5 {[%emt 0:04:18]} exd5 {[%emt 0:00:41]} 8. dxc5 {[%emt 0:04:01]} Bxc5 {[%emt 0:00:08]} 9. Qc2 {[%emt 0:01:17]} Qb6 {[%emt 0:05:01]} 10. Nc3 {[%emt 0:02:11]} Be7 {[%emt 0:01:58]} 11. Be3 {[%emt 0:04:43]} Qa5 {[%emt 0:07:36]} 12. a3 {[%emt 0:05:06]} Nc6 {[%emt 0:07:37]} 13. b4 {[%emt 0:09:22]} Qd8 {[%emt 0:00:22]} 14. Na4 {[%emt 0:03:10]} Bg4 {[%emt 0:02:59]} 15. Nd4 {[%emt 0:04:12]} Nxd4 {[%emt 0:01:22]} 16. Bxd4 {[%emt 0:03:25]} Rc8 {[%emt 0:02:49]} 17. Qb2 {[%emt 0:02:41]} b6 {[%emt 0:00:49]} 18. Rac1 {[%emt 0:03:01]} Qd7 {[%emt 0:03:08]} 19. Nc3 {[%emt 0:07:14]} Rfd8 {[%emt 0:00:28]} 20. e3 {[%emt 0:01:15]} Bf5 {[%emt 0:00:53]} 21. Rfd1 {[%emt 0:01:18]} Ne4 {[%emt 0:05:10]} 1/2-1/2

[Event "DMP-III LIGA Senior PK 2020"]
[Site "Bystre"]
[Date "2020.07.12"]
[Round "9.2"]
[White "Socha, Kamil"]
[Black "Smusz, Kamil"]
[Result "1/2-1/2"]
[WhiteElo "1817"]
[BlackElo "1922"]
[Annotator "ChessBase"]
[PlyCount "40"]
[EventDate "2020.07.05"]
[EventType "team-tourn"]
[EventCountry "POL"]
[SourceTitle "playchess.com"]
[Source "ChessBase"]
[SourceQuality "1"]
[TimeControl "5400+30"]

1. e4 {[%emt 0:00:00]} e5 {[%emt 0:00:00]} 2. Nf3 {[%emt 0:00:00]} Nc6 {[%emt 0:00:00]} 3. Bb5 {[%emt 0:00:19]} a6 {[%emt 0:00:32]} 4. Ba4 {[%emt 0:00:25]} Nf6 {[%emt 0:00:11]} 5. O-O {[%emt 0:00:23]} b5 {[%emt 0:00:27]} 6. Bb3 {[%emt 0:00:09]} Be7 {[%emt 0:00:05]} 7. d3 {[%emt 0:00:27]} O-O {[%emt 0:01:33]} 8. c3 {[%emt 0:00:25]} d6 {[%emt 0:01:01]} 9. Re1 {[%emt 0:00:40]} Na5 {[%emt 0:02:47]} 10. Bc2 {[%emt 0:03:28]} c5 {[%emt 0:01:20]} 11. Nbd2 {[%emt 0:01:35]} Nc6 {[%emt 0:02:44]} 12. Nf1 {[%emt 0:00:34]} h6 {[%emt 0:06:21]} 13. Ng3 {[%emt 0:01:18]} Nh7 {[%emt 0:05:43]} 14. d4 {[%emt 0:02:04]} cxd4 {[%emt 0:10:17]} 15. cxd4 {[%emt 0:03:46]} Ng5 {[%emt 0:04:34]} 16. Nxg5 {[%emt 0:03:48]} Bxg5 {[%emt 0:00:39]} 17. dxe5 {[%emt 0:00:56]} dxe5 {[%emt 0:00:49]} 18. Bxg5 {[%emt 0:01:15]} hxg5 {[%emt 0:02:09]} 19. Bb3 {[%emt 0:00:11]} Qxd1 {[%emt 0:29:20]} 20. Raxd1 {[%emt 0:18:13]} Nd4 {[%emt 0:02:10]} 1/2-1/2

[Event "DMP-III LIGA Senior PK 2020"]
[Site "Bystre"]
[Date "2020.07.12"]
[Round "9.3"]
[White "Kasperek, Rafal"]
[Black "Stefanski, Adam"]
[Result "1/2-1/2"]
[WhiteElo "1982"]
[BlackElo "1387"]
[Annotator "TA"]
[PlyCount "63"]
[EventDate "2020.07.05"]
[EventType "team-tourn"]
[EventCountry "POL"]
[SourceTitle "playchess.com"]
[Source "ChessBase"]
[SourceQuality "1"]

{[%evp 9,63,25,21,22,25,10,77,78,87,69,69,56,68,45,79,83,108,94,97,60,64,46,56,15,50,51,42,49,70,77,71,78,89,93,125,54,31,0,0,0,0,0,0,0,0,0,0,-105,-99,-64,-71,-75,234,240,291,-29998]} 1. e4 c5 2. Nf3 Nc6 3. Bb5 Qc7 4. O-O d6 5. d4 cxd4 6. Nxd4 {B30: Sicilian: 2...Nc6 3 Bb5, lines without ...g6.} Nf6 7. Re1 g6 (7... e6 $11) 8. Nc3 $16 {Black must now prevent Nd5.White is better.} Bd7 {[#]} 9. Bg5 $146 ({Predecessor:} 9. Nd5 Nxd5 10. exd5 Ne5 11. Bxd7+ Qxd7 12. f4 Ng4 13. b3 Bg7 14. Bb2 O-O 15. c4 {½-½ (23) Von Krosigk,F (1935)-Beer,L (1549) Magdeburg 2018}) 9... Bg7 $1 10. Bxf6 exf6 11. Bf1 O-O 12. Ndb5 Qb6 13. Qxd6 Be6 14. Qc7 Qc5 15. Rab1 a6 16. Qd6 Qh5 17. Nc7 $1 {[%cal Rc7a8]} Rad8 18. Qg3 f5 {Threatens to win with ...Be5.} 19. Nxe6 fxe6 20. exf5 Qxf5 21. Bd3 Qc5 22. Rxe6 (22. Ne4 $16 Qd5 23. Ng5) 22... Be5 $14 23. Rxg6+ hxg6 24. Qxg6+ Bg7 25. Qh7+ Kf7 {Strongly threatening ...Rh8.} 26. Qg6+ Kg8 27. Qh7+ Kf7 {And now ...Rh8 would win.} 28. Bg6+ {[#]} (28. Qg6+ $11 {keeps the balance.} Kg8) 28... Ke6 $1 $17 29. Qh3+ Ke7 30. Re1+ Be5 $2 {[%mdl 8192] [#]} (30... Ne5 $17 {keeps the pressure on.} 31. Bf5 Rh8) 31. Qh7+ $1 $18 {[%mdl 1024] White has strong compensation.} Ke6 32. Nb1 $4 {[%mdl 40960] Accuracy: White = 74%, Black = 62%. . An unexpected result.} ({Much less strong is} 32. Qh3+ $6 Ke7 $18) (32. Ne4 $18 Qb6 33. Bh5) 1/2-1/2

[Event "DMP-III LIGA Senior PK 2020"]
[Site "Bystre"]
[Date "2020.07.12"]
[Round "9.4"]
[White "Korys, Dawid"]
[Black "Mikula, Michal"]
[Result "0-1"]
[WhiteElo "1343"]
[BlackElo "1858"]
[Annotator "NA"]
[PlyCount "68"]
[EventDate "2020.07.05"]
[EventType "team-tourn"]
[EventCountry "POL"]
[SourceTitle "playchess.com"]
[Source "ChessBase"]
[SourceQuality "1"]
[TimeControl "5400+30"]

1. d4 {[%emt 0:00:00]} Nf6 {[%emt 0:00:00]} 2. c4 {[%emt 0:00:10]} g6 {[%emt 0:00:25]} 3. Nf3 {[%emt 0:00:27]} Bg7 {[%emt 0:00:10]} 4. Nc3 {[%emt 0:00:18]} O-O {[%emt 0:00:11]} 5. g3 {[%emt 0:00:12]} d6 {[%emt 0:01:38]} 6. Bg2 {[%emt 0:00:10]} Nbd7 {[%emt 0:01:10]} 7. O-O {[%emt 0:00:36]} c5 {[%emt 0:02:02]} 8. e4 {[%emt 0:06:02]} cxd4 {[%emt 0:06:08]} 9. Nxd4 {[%emt 0:00:16]} Nc5 {[%emt 0:00:57]} 10. Nb3 {[%emt 0:03:40]} Nxb3 {[%emt 0:05:45]} 11. Qxb3 {[%emt 0:04:38]} Nd7 {[%emt 0:04:58]} 12. Be3 {[%emt 0:02:14]} Ne5 {[%emt 0:00:30]} 13. Bd4 {[%emt 0:02:11]} Nf3+ {[%emt 0:02:10]} 14. Bxf3 {[%emt 0:01:36]} Bxd4 {[%emt 0:00:08]} 15. Rad1 {[%emt 0:02:03]} Bg7 {[%emt 0:02:27]} 16. Qc2 {[%emt 0:17:36]} Bh3 {[%emt 0:07:21]} 17. Bg2 {[%emt 0:00:23]} Bg4 {[%emt 0:00:05]} 18. Rd3 {[%emt 0:01:20]} Rc8 {[%emt 0:00:38]} 19. Nd5 {[%emt 0:04:58]} b5 {[%emt 0:06:53]} 20. Ne3 {[%emt 0:02:12]} bxc4 {[%emt 0:00:22]} 21. Nxc4 {[%emt 0:00:30]} Rc5 {[%emt 0:06:50]} 22. b3 {[%emt 0:03:08]} f5 {[%emt 0:02:49]} 23. Qd2 {[%emt 0:02:57]} Qc8 {[%emt 0:10:21]} 24. Rd5 {[%emt 0:13:30]} f4 {[%emt 0:05:25]} 25. f3 {[%emt 0:01:37]} Be6 {[%emt 0:02:58]} 26. Rxc5 {[%emt 0:02:06]} Qxc5+ {[%emt 0:00:06]} 27. Kh1 {[%emt 0:01:09]} fxg3 {[%emt 0:00:37]} 28. hxg3 {[%emt 0:01:56]} Bd4 {[%emt 0:03:13]} 29. Qa5 {[%emt 0:07:58]} Qxa5 {[%emt 0:04:57]} 30. Nxa5 {[%emt 0:00:06]} Rc8 {[%emt 0:00:03]} 31. Rd1 {[%emt 0:04:27]} Bf2 {[%emt 0:00:13]} 32. g4 {[%emt 0:06:22]} Rc2 {[%emt 0:00:20]} 33. a4 {[%emt 0:02:49]} h5 {[%emt 0:00:14]} 34. gxh5 {[%emt 0:00:48]} Rc5 {[%emt 0:00:10]} 0-1

[Event "DMP-III LIGA Senior PK 2020"]
[Site "Bystre"]
[Date "2020.07.12"]
[Round "9.5"]
[White "Sygulski, Piotr"]
[Black "Medrygal, Rafal"]
[Result "0-1"]
[WhiteElo "1652"]
[BlackElo "1258"]
[Annotator "NA"]
[PlyCount "65"]
[EventDate "2020.07.05"]
[EventType "team-tourn"]
[EventCountry "POL"]
[SourceTitle "playchess.com"]
[Source "ChessBase"]
[SourceQuality "1"]
[TimeControl "5400+30"]

1. e4 {[%emt 0:00:00]} e5 {[%emt 0:00:00]} 2. Nf3 {[%emt 0:00:00]} Nc6 {[%emt 0:00:00]} 3. Bb5 {[%emt 0:00:00]} Bc5 {[%emt 0:00:22]} 4. O-O {[%emt 0:00:47]} d6 {[%emt 0:00:32]} 5. d4 {[%emt 0:00:16]} exd4 {[%emt 0:00:38]} 6. Nxd4 {[%emt 0:00:26]} Bd7 {[%emt 0:00:38]} 7. Nxc6 {[%emt 0:00:26]} Bxc6 {[%emt 0:00:35]} 8. Bxc6+ {[%emt 0:00:12]} bxc6 {[%emt 0:00:09]} 9. Nc3 {[%emt 0:00:27]} Ne7 {[%emt 0:02:10]} 10. Na4 {[%emt 0:00:59]} Bb6 {[%emt 0:00:22]} 11. Nxb6 {[%emt 0:00:24]} axb6 {[%emt 0:00:26]} 12. b3 {[%emt 0:01:01]} Ng6 {[%emt 0:04:40]} 13. Bb2 {[%emt 0:00:32]} Rg8 {[%emt 0:04:43]} 14. Re1 {[%emt 0:01:46]} Qg5 {[%emt 0:02:20]} 15. e5 {[%emt 0:03:42]} O-O-O {[%emt 0:05:08]} 16. Qf3 {[%emt 0:01:24]} Kb7 {[%emt 0:03:25]} 17. Bc1 {[%emt 0:02:13]} Qe7 {[%emt 0:01:11]} 18. Bb2 {[%emt 0:01:00]} dxe5 {[%emt 0:01:35]} 19. a4 {[%emt 0:01:34]} Ra8 {[%emt 0:07:40]} 20. c4 {[%emt 0:02:21]} f6 {[%emt 0:03:40]} 21. Rec1 {[%emt 0:00:49]} Rgd8 {[%emt 0:01:37]} 22. c5 {[%emt 0:00:48]} e4 {[%emt 0:03:00]} 23. Qc3 {[%emt 0:05:05]} Rd3 {[%emt 0:04:01]} 24. Qc4 {[%emt 0:02:05]} Qxc5 {[%emt 0:01:43]} 25. Qf7 {[%emt 0:04:13]} Qe7 {[%emt 0:01:29]} 26. Qc4 {[%emt 0:00:20]} Qd6 {[%emt 0:02:19]} 27. Qxe4 {[%emt 0:00:45]} Rxb3 {[%emt 0:01:03]} 28. Qc2 {[%emt 0:02:18]} Rd3 {[%emt 0:01:52]} 29. Bc3 {[%emt 0:02:45]} Nf4 {[%emt 0:02:53]} 30. Bb4 {[%emt 0:03:09]} c5 {[%emt 0:01:15]} 31. Be1 {[%emt 0:03:10]} Qd5 {[%emt 0:03:43]} 32. f3 {[%emt 0:00:11]} Re8 {[%emt 0:01:37]} 33. Qa2 0-1